Účtovanie a vykazovanie nákladov na výskum a vývoj v sústave podvojného účtovníctva bakalárska práca

Enregistré dans:
Détails bibliographiques
Auteur principal: Szabóová, Kamilla
Collectivité auteur: Fakulta hospodárskej informatiky EU. Katedra účtovníctva a audítorstva
Autres auteurs: Pakšiová, Renáta, 1974-
Format: Livre
Langue:slovaque
Publié: Bratislava 2024
Tags: Ajouter un tag
Pas de tags, Soyez le premier à ajouter un tag!

MARC

LEADER 00000nbm a2200000 4500
001 0302524
005 20250131120947.3
041 0 |a slo 
044 |a SK 
245 1 0 |a Účtovanie a vykazovanie nákladov na výskum a vývoj v sústave podvojného účtovníctva  |b bakalárska práca  |c Kamilla Szabóová ; školiteľ: Renáta Pakšiová 
264 1 |a Bratislava  |c 2024 
300 |a 40 s. 
100 1 |a Szabóová, Kamilla 
700 1 |a Pakšiová, Renáta, 1974- 
710 2 |a Fakulta hospodárskej informatiky EU. Katedra účtovníctva a audítorstva